El campamento

Furkejuvvon:
Bibliográfalaš dieđut
Váldodahkki: Emeres Yévenes, Hernán (Dahkki)
Materiálatiipa: Girji
Giella:espánnjágiella
Almmustuhtton: Santiago s.n 1980
Fáttát:
Fáddágilkorat: Lasit fáddágilkoriid
Eai fáddágilkorat, Lasit vuosttaš fáddágilkora!

MARC

LEADER 00000nam a2200000 a 4500
001 UCZ0057
003 CL-VaPUC
008 950724e19800000CL |||||||||||||||||spa|d
082 0 4 |a 796.54  |b EME  |2 21 
100 0 |a Emeres Yévenes, Hernán  |e author  |9 342639 
245 1 3 |a El campamento 
300 |a 134 p 
942 |c BK 
945 |d 19950724 00:00:00  |a cmena 
260 |a Santiago  |b s.n  |c 1980 
650 7 |a CAMPAMENTO  |2 CL-VaPUC  |9 331097 
650 0 |a Campamento de vacaciones  |9 342640 
650 0 |a Administración  |9 259325 
650 0 |a Organización  |9 256369 
650 7 |a EXCURSIONES AL AIRE LIBRE  |2 CL-VaPUC  |9 340682 
583 |a last modification  |c 20120903 10:12:41  |k Rodrigo Vera 
999 |c 237031  |d 237029 
952 |0 0  |1 0  |4 0  |6 796_540000000000000_EME_1980  |7 0  |8 P  |9 245694  |a BIBEDU  |b BIBEDU  |c BIBEDU_PB  |d 2019-11-18  |i 1542168  |o 796.54 EME 1980  |p 1542168  |r 2024-01-25  |w 2019-11-18  |y BK  |k EDU